[Event "Cesis 4th"]
[Site "Cesis"]
[Date "2025.06.16"]
[Round "3"]
[White "Pidluznij, Gleb"]
[Black "Priyanka, Nutakki"]
[Result "1/2-1/2"]
[WhiteElo "2429"]
[BlackElo "2260"]
[PlyCount "93"]
[EventDate "2025.06.16"]
[EventType "swiss"]
[EventRounds "8"]
[EventCountry "LAT"]
[SourceTitle "CB26_2025"]
[SourceDate "2025.06.25"]
[SourceVersion "1"]
[SourceVersionDate "2025.06.25"]
[SourceQuality "1"]

1. d4 d5 2. Nf3 e6 3. c4 a6 4. Nc3 Nf6 5. cxd5 exd5 6. Bf4 Bd6 7. Bg3 0-0 8. e3 Bf5 9. Be2 h6 10. Qb3 Nc6 11. 0-0 Na5 12. Qd1 Bxg3 13. hxg3 Qd6 14. Ne5 b5 15. g4 Bh7 16. f4 Ne4 17. Nxe4 Bxe4 18. b3 c5 19. dxc5 Qxc5 20. Qd2 Qa3 21. Rfc1 Rfc8 22. Rc3 Rxc3 23. Qxc3 Nc4 24. Bxc4 bxc4 25. Qc1 Qc5 26. bxc4 Rc8 27. Qc3 f6 28. Nf3 Qxc4 29. Qd2 Qc2 30. Rd1 Qxd2 31. Rxd2 Rc1+ 32. Kf2 Ra1 33. Kg3 g5 34. Rb2 Rb1 35. Rxb1 Bxb1 36. a3 Kf7 37. Kf2 Bd3 38. Nd4 Kg6 39. g3 h5 40. gxh5+ Kxh5 41. fxg5 Kxg5 42. Kf3 Be4+ 43. Kf2 Bd3 44. a4 a5 45. Nc6 Bc2 46. Nxa5 Bxa4 47. Nb7 1/2-1/2

[Event "LTU-chT"]
[Site "Lithuania"]
[Date "2025.03.29"]
[Round "6.2"]
[White "Pidluznij, Gleb"]
[Black "Kalvaitis, Sigitas"]
[Result "1-0"]
[WhiteElo "2426"]
[BlackElo "2160"]
[PlyCount "59"]
[EventDate "2025.01.24"]
[EventType "team-swiss"]
[EventRounds "7"]
[EventCountry "LTU"]
[SourceTitle "CB14_2025"]
[SourceDate "2024.11.01"]
[SourceVersion "1"]
[SourceVersionDate "2024.11.01"]
[SourceQuality "1"]
[WhiteTeam "Kaunas SBK"]
[BlackTeam "Plunge Bokstas"]
[WhiteTeamCountry "LTU"]
[BlackTeamCountry "LTU"]

1. d4 Nf6 2. Nf3 d5 3. c4 e6 4. Nc3 Nbd7 5. Qc2 c6 6. e4 Nxe4 7. Nxe4 dxe4 8. Qxe4 Bb4+ 9. Bd2 Bxd2+ 10. Nxd2 c5 11. dxc5 0-0 12. Bd3 g6 13. Be2 Qf6 14. Rb1 Rd8 15. Qe3 Qf5 16. b4 a5 17. a3 axb4 18. axb4 Ra2 19. Ne4 b6 20. c6 Ne5 21. g4 Rxe2+ 22. Kxe2 Qxg4+ 23. f3 Qg2+ 24. Qf2 Qxf2+ 25. Kxf2 Nxc6 26. Rhd1 Nd4 27. c5 bxc5 28. bxc5 Ba6 29. c6 e5 30. c7 1-0

[Event "LTU-chT"]
[Site "Lithuania"]
[Date "2025.03.28"]
[Round "5.20"]
[White "Pidluznij, Gleb"]
[Black "Novikov, Vitalij"]
[Result "1-0"]
[WhiteElo "2426"]
[BlackElo "2274"]
[PlyCount "65"]
[EventDate "2025.01.24"]
[EventType "team-swiss"]
[EventRounds "7"]
[EventCountry "LTU"]
[SourceTitle "CB14_2025"]
[SourceDate "2024.11.01"]
[SourceVersion "1"]
[SourceVersionDate "2024.11.01"]
[SourceQuality "1"]
[WhiteTeam "Kaunas SBK"]
[BlackTeam "Vilnius Sachmatu Erdves"]
[WhiteTeamCountry "LTU"]
[BlackTeamCountry "LTU"]

1. Nf3 Nf6 2. d4 e6 3. g3 b6 4. Bg2 Bb7 5. 0-0 Be7 6. c4 0-0 7. Nc3 Ne4 8. Nxe4 Bxe4 9. Ne1 Bxg2 10. Nxg2 d6 11. e4 Nd7 12. f4 e5 13. fxe5 dxe5 14. d5 Nf6 15. Qe2 Ne8 16. Bd2 a5 17. a4 g6 18. Bh6 Ng7 19. h4 f6 20. Kh2 Rf7 21. Ne1 Qd7 22. Nd3 c5 23. Rf2 Bd6 24. Kg2 Raf8 25. b3 Be7 26. Raf1 Bd8 27. h5 gxh5 28. Bxg7 Rxg7 29. Qxh5 Qg4 30. Qxg4 Rxg4 31. Nxe5 Rg7 32. Nc6 Bc7 33. e5 1-0

[Event "Bialystok Zamenhof Memorial 43rd"]
[Site "Bialystok"]
[Date "2024.12.31"]
[Round "9"]
[White "Baginskaite, Camilla"]
[Black "Pidluznij, Gleb"]
[Result "0-1"]
[WhiteElo "2091"]
[BlackElo "2422"]
[PlyCount "39"]
[EventDate "2024.12.27"]
[EventType "swiss"]
[EventRounds "9"]
[EventCountry "POL"]
[SourceTitle "CB02_2025"]
[SourceDate "2025.01.08"]
[SourceVersion "1"]
[SourceVersionDate "2025.01.08"]
[SourceQuality "1"]

1. d4 d5 2. c4 e6 3. Nc3 Nf6 4. Bg5 c5 5. cxd5 cxd4 6. Qxd4 Be7 7. e4 exd5 8. e5 Nc6 9. Bb5 Nd7 10. Bxe7 Qxe7 11. Qxd5 Ndxe5 12. Nge2 0-0 13. 0-0 Be6 14. Qe4 Qc5 15. Rac1 Rfe8 16. a3 a6 17. Bxc6 Nxc6 18. Rfd1 Bb3 19. Rf1 Be6 20. Rfe1 0-1

[Event "Bialystok Zamenhof Memorial 43rd"]
[Site "Bialystok"]
[Date "2024.12.29"]
[Round "5"]
[White "Quparadze, Giga"]
[Black "Pidluznij, Gleb"]
[Result "1-0"]
[WhiteElo "2537"]
[BlackElo "2422"]
[PlyCount "121"]
[EventDate "2024.12.27"]
[EventType "swiss"]
[EventRounds "9"]
[EventCountry "POL"]
[SourceTitle "CB02_2025"]
[SourceDate "2025.01.08"]
[SourceVersion "1"]
[SourceVersionDate "2025.01.08"]
[SourceQuality "1"]

1. e4 e5 2. Nf3 Nc6 3. Bb5 a6 4. Ba4 Nge7 5. Nc3 Ng6 6. h4 h5 7. d4 Nxd4 8. Nxd4 exd4 9. Qxd4 b5 10. Bb3 Bb7 11. Qd1 Bd6 12. Bd5 Bxd5 13. Nxd5 c6 14. Ne3 Be5 15. Nf5 Qf6 16. c3 d5 17. Qf3 dxe4 18. Qxe4 0-0 19. 0-0 Rfe8 20. Bg5 Qxg5 21. hxg5 Bh2+ 22. Kxh2 Rxe4 23. Rae1 Rg4 24. Nd4 c5 25. Nf3 Nh4 26. Nxh4 Rxh4+ 27. Kg1 Rd8 28. Rd1 Rxd1 29. Rxd1 Re4 30. Kf1 b4 31. f3 Re5 32. c4 Rxg5 33. Rd6 Rg6 34. Rd8+ Kh7 35. Rd5 Rc6 36. Rxh5+ Kg6 37. Rd5 Kf6 38. g4 Ke7 39. g5 a5 40. Ke2 a4 41. Kd3 g6 42. Ke4 Re6+ 43. Kf4 Rc6 44. Re5+ Kf8 45. Ke4 Rd6 46. Rxc5 Rd2 47. Ra5 Rxb2 48. Rxa4 b3 49. axb3 Rxb3 50. c5 Rc3 51. Kd5 Rxf3 52. Re4 Rd3+ 53. Kc4 Rd1 54. c6 Rg1 55. Re5 Rc1+ 56. Kb5 Rb1+ 57. Ka6 Rc1 58. Kb6 Rb1+ 59. Rb5 Rc1 60. c7 Ke7 61. Rc5 1-0

[Event "Bialystok Zamenhof Memorial 43rd"]
[Site "Bialystok"]
[Date "2024.12.28"]
[Round "3"]
[White "Morchiashvili, Bachana"]
[Black "Pidluznij, Gleb"]
[Result "0-1"]
[WhiteElo "2265"]
[BlackElo "2422"]
[PlyCount "92"]
[EventDate "2024.12.27"]
[EventType "swiss"]
[EventRounds "9"]
[EventCountry "POL"]
[SourceTitle "CB02_2025"]
[SourceDate "2025.01.08"]
[SourceVersion "1"]
[SourceVersionDate "2025.01.08"]
[SourceQuality "1"]

1. d4 d5 2. Nf3 Nf6 3. c4 e6 4. Nc3 c5 5. e3 a6 6. cxd5 exd5 7. Be2 Nc6 8. 0-0 Bd6 9. dxc5 Bxc5 10. b3 0-0 11. Bb2 Ba7 12. Qc2 Be6 13. Rad1 h6 14. Qb1 Qe7 15. Bd3 Rfd8 16. Ne2 Bg4 17. Bf5 Bxf3 18. gxf3 d4 19. Nxd4 Nxd4 20. Bxd4 Bxd4 21. Rxd4 Rxd4 22. exd4 Rd8 23. Qd3 Rd5 24. Kh1 g6 25. Rg1 Kf8 26. Be4 Rh5 27. Qe3 Rh4 28. Bb1 Qd6 29. Qe5 Qxd4 30. Qb8+ Kg7 31. Qxb7 g5 32. Qc7 Qxf2 33. Qg3 Qd4 34. Qg2 Rf4 35. Re1 Qc3 36. Rf1 Nd5 37. Qf2 Ne3 38. Rg1 Nd5 39. Be4 Nf6 40. Bb7 a5 41. Qe2 a4 42. bxa4 Rxa4 43. Rd1 Rb4 44. Bd5 Rb2 45. Qc4 Qe3 46. f4 Qf2 0-1

[Event "Olympiad-45"]
[Site "Budapest"]
[Date "2024.09.20"]
[Round "9.4"]
[White "Marjanovic, Dejan"]
[Black "Pidluznij, Gleb"]
[Result "1/2-1/2"]
[WhiteElo "2365"]
[BlackElo "2425"]
[PlyCount "140"]
[EventDate "2024.09.11"]
[EventType "team-swiss"]
[EventRounds "11"]
[EventCountry "HUN"]
[SourceTitle "EXT 2025"]
[Source "ChessBase"]
[SourceDate "2024.10.14"]
[SourceVersion "1"]
[SourceVersionDate "2024.10.14"]
[SourceQuality "1"]
[WhiteTeam "Bosnia & Herzegovina"]
[BlackTeam "Lithuania"]
[WhiteTeamCountry "BIH"]
[BlackTeamCountry "LTU"]

1. d4 d5 2. Nc3 Nf6 3. Bf4 c5 4. e3 cxd4 5. exd4 Bg4 6. f3 Bd7 7. Nb5 Bxb5 8. Bxb5+ Nc6 9. c3 e6 10. Ne2 Bd6 11. Qd2 Qc7 12. Bxd6 Qxd6 13. Qf4 Qe7 14. 0-0 0-0 15. Rae1 Rfc8 16. Qh4 Qd8 17. g4 Ne8 18. Qxd8 Rxd8 19. Nf4 Na5 20. Bxe8 Rxe8 21. Nd3 Nc4 22. Rf2 b6 23. Rfe2 Nd6 24. Kf2 a5 25. Kg3 Ra7 26. h3 Kf8 27. Kf2 Rae7 28. Kg3 f6 29. h4 Kf7 30. a4 Nc4 31. Nf4 Nd6 32. Nd3 h6 33. h5 Nb7 34. Nf4 Nd8 35. Ng6 Rc7 36. f4 Rc4 37. f5 Rxa4 38. Nf4 e5 39. Nxd5 Nc6 40. Nxb6 Ra2 41. Nc4 Rd8 42. dxe5 Nxe5 43. Nxe5+ fxe5 44. Rxe5 Rxb2 45. R1e3 Rc8 46. Rxa5 Rb3 47. Ra7+ Kg8 48. f6 gxf6 49. Kf4 Rbxc3 50. Ree7 R3c4+ 51. Kg3 Rb8 52. Rg7+ Kh8 53. Rh7+ Kg8 54. Rhg7+ Kh8 55. Rgf7 f5 56. Rxf5 Rg8 57. Rf4 Rxf4 58. Kxf4 Rf8+ 59. Ke5 Kg8 60. Ra6 Kh7 61. Ra7+ Kg8 62. Re7 Rf1 63. Re6 Kg7 64. Rg6+ Kh7 65. Rf6 Re1+ 66. Kf5 Rf1+ 67. Ke6 Re1+ 68. Kf7 Re4 69. Rg6 Rf4+ 70. Ke6 Ra4 1/2-1/2

[Event "Olympiad-45"]
[Site "Budapest"]
[Date "2024.09.19"]
[Round "8.4"]
[White "Pidluznij, Gleb"]
[Black "Jones, Gawain C B"]
[Result "1/2-1/2"]
[WhiteElo "2425"]
[BlackElo "2646"]
[PlyCount "120"]
[EventDate "2024.09.11"]
[EventType "team-swiss"]
[EventRounds "11"]
[EventCountry "HUN"]
[SourceTitle "EXT 2025"]
[Source "ChessBase"]
[SourceDate "2024.10.14"]
[SourceVersion "1"]
[SourceVersionDate "2024.10.14"]
[SourceQuality "1"]
[WhiteTeam "Lithuania"]
[BlackTeam "England"]
[WhiteTeamCountry "LTU"]
[BlackTeamCountry "ENG"]

1. e4 c5 2. Nf3 Nc6 3. Bb5 e6 4. 0-0 Nge7 5. d4 cxd4 6. Nxd4 Ng6 7. Be3 Be7 8. Be2 0-0 9. c4 Nxd4 10. Qxd4 Bf6 11. Qd2 b6 12. Nc3 Bb7 13. Rad1 Bxc3 14. bxc3 Bxe4 15. Qxd7 Qc8 16. Qxc8 Rfxc8 17. Rd6 Bb7 18. c5 bxc5 19. Rb1 Be4 20. Rb5 Nh4 21. Rxc5 Rcb8 22. f3 Bd5 23. Bf2 Nf5 24. Rd7 Bxa2 25. g4 Nh6 26. Ra5 Rb2 27. Rdxa7 Rxa7 28. Rxa7 f5 29. Kf1 fxg4 30. fxg4 Rb1+ 31. Kg2 Bd5+ 32. Kg3 Rb2 33. Bf3 Bxf3 34. Kxf3 Nxg4 35. Kxg4 Rxf2 36. h4 Rf5 37. h5 h6 38. Re7 Rg5+ 39. Kh4 Re5 40. c4 Kf8 41. Rc7 Re4+ 42. Kg3 Re5 43. Kh4 Re1 44. c5 Ke8 45. c6 Rd1 46. Kh3 Rh1+ 47. Kg4 Kd8 48. Rd7+ Kc8 49. Re7 Rg1+ 50. Kf4 Rg5 51. Rxe6 Kc7 52. Re5 Rg1 53. Re6 Rh1 54. Re7+ Kxc6 55. Rxg7 Rxh5 56. Kg4 Rh1 57. Ra7 Rg1+ 58. Kh5 Rg5+ 59. Kxh6 Kb6 60. Kxg5 Kxa7 1/2-1/2

[Event "EU-ch U18"]
[Site "Prague"]
[Date "2024.08.26"]
[Round "5"]
[White "Pidluznij, Gleb"]
[Black "Bokhnak, Timofey"]
[Result "1-0"]
[WhiteElo "2414"]
[BlackElo "2273"]
[PlyCount "189"]
[EventDate "2024.08.22"]
[EventType "swiss"]
[EventRounds "9"]
[EventCountry "CZE"]
[SourceTitle "CBM 221 Extra"]
[Source "ChessBase"]
[SourceDate "2024.09.30"]
[SourceVersion "1"]
[SourceVersionDate "2024.09.30"]
[SourceQuality "1"]

1. e4 e5 2. Bc4 Nf6 3. d3 Nc6 4. Nc3 d6 5. Nge2 Be7 6. 0-0 0-0 7. a3 Be6 8. f4 Bxc4 9. dxc4 exf4 10. Nxf4 Ne5 11. b3 c6 12. Be3 Qc7 13. Kh1 Rad8 14. Qe2 Rfe8 15. Rad1 Qa5 16. Bd4 Ned7 17. a4 Ne5 18. Nh5 Nxh5 19. Qxh5 Bf6 20. Rxf6 gxf6 21. Rd3 Re6 22. Rg3+ Kf8 23. Qxh7 Ng6 24. h4 Re5 25. c5 dxc5 26. Bxe5 Nxe5 27. h5 Qa6 28. Qf5 Ke7 29. h6 Rh8 30. h7 Ng6 31. Qxc5+ Ke8 32. Rf3 Rxh7+ 33. Kg1 Qb6 34. Qxb6 axb6 35. Rxf6 Rh5 36. Nd1 Re5 37. Ne3 Rxe4 38. Nc4 Re1+ 39. Rf1 Re2 40. Rf2 Re1+ 41. Rf1 Re2 42. c3 Ne5 43. Nxb6 Re3 44. Rc1 Kd8 45. Kf2 Ng4+ 46. Kf1 Kc7 47. Nc4 Rd3 48. a5 f5 49. b4 f4 50. Ke2 Rg3 51. Rh1 Nf6 52. Rh6 Nd7 53. Rh7 Kd8 54. Rh8+ Ke7 55. Rh7+ Ke6 56. Rh6+ Nf6 57. Nd6 Kxd6 58. Rxf6+ Ke5 59. Rf7 Rxc3 60. Rxb7 Ra3 61. Re7+ Kd4 62. Rf7 Ke5 63. Re7+ Kd4 64. Rc7 Kd5 65. Rd7+ Ke5 66. Rd3 Ra4 67. Rc3 Rxb4 68. Ra3 Rb7 69. Ra4 Rb2+ 70. Kf1 Rb7 71. a6 Ra7 72. Ke2 c5 73. Kd3 Kd5 74. Ra5 Kc6 75. Kc4 Kb6 76. Ra3 Ra8 77. a7 Kc6 78. Ra6+ Kb7 79. Kb5 c4 80. Rb6+ Kc7 81. Ka6 Rg8 82. Rb7+ Kd6 83. Rb8 Rxg2 84. a8Q Ra2+ 85. Kb5 Rxa8 86. Rxa8 Kd5 87. Rf8 Ke4 88. Kxc4 Ke3 89. Re8+ Kd2 90. Rf8 Ke3 91. Kc3 f3 92. Re8+ Kf2 93. Kd2 Kg1 94. Rf8 f2 95. Ke2 1-0

[Event "EU-ch U18"]
[Site "Prague"]
[Date "2024.08.25"]
[Round "4"]
[White "Hak, David"]
[Black "Pidluznij, Gleb"]
[Result "1-0"]
[WhiteElo "2239"]
[BlackElo "2414"]
[PlyCount "53"]
[EventDate "2024.08.22"]
[EventType "swiss"]
[EventRounds "9"]
[EventCountry "CZE"]
[SourceTitle "CBM 221 Extra"]
[Source "ChessBase"]
[SourceDate "2024.09.30"]
[SourceVersion "1"]
[SourceVersionDate "2024.09.30"]
[SourceQuality "1"]

1. d4 d5 2. c4 e6 3. Nc3 Nf6 4. Nf3 c5 5. cxd5 Nxd5 6. e4 Nxc3 7. bxc3 cxd4 8. cxd4 Bb4+ 9. Bd2 Bxd2+ 10. Qxd2 0-0 11. Bc4 Nd7 12. 0-0 b6 13. Rfe1 Bb7 14. Rad1 Rc8 15. Bb3 Re8 16. h3 Qf6 17. Re3 e5 18. dxe5 Nxe5 19. Nxe5 Qxe5 20. Rf3 Rf8 21. Rxf7 Rxf7 22. Qd8+ Qe8 23. Qxe8+ Rxe8 24. Rd7 Rb8 25. e5 a5 26. Rxf7 Kh8 27. e6 1-0

[Event "EU-ch U18"]
[Site "Prague"]
[Date "2024.08.23"]
[Round "2"]
[White "Loftgaard, Mikkel Vinh"]
[Black "Pidluznij, Gleb"]
[Result "0-1"]
[WhiteElo "2227"]
[BlackElo "2414"]
[PlyCount "92"]
[EventDate "2024.08.22"]
[EventType "swiss"]
[EventRounds "9"]
[EventCountry "CZE"]
[SourceTitle "CBM 221 Extra"]
[Source "ChessBase"]
[SourceDate "2024.09.30"]
[SourceVersion "1"]
[SourceVersionDate "2024.09.30"]
[SourceQuality "1"]

1. e4 e5 2. Nf3 Nc6 3. d4 exd4 4. Nxd4 Qf6 5. Nxc6 Bc5 6. Qf3 Qxf3 7. gxf3 bxc6 8. Be3 Bxe3 9. fxe3 d6 10. Nd2 Nf6 11. Rg1 g6 12. Rg5 a5 13. Nc4 d5 14. exd5 cxd5 15. Nd2 h6 16. Rg1 0-0 17. Nb3 a4 18. Nc5 Ra5 19. b4 axb3 20. Nxb3 Ra3 21. Kd2 Bd7 22. Kc3 Rfa8 23. Kb2 c5 24. Nxc5 Rxe3 25. Bd3 Ra5 26. Nb3 Ra4 27. Nc5 Rb4+ 28. Kc3 Rf4 29. Rgf1 Bh3 30. Kd2 d4 31. Rfe1 Rfxf3 32. Rxe3 dxe3+ 33. Kc3 Ng4 34. a4 Ne5 35. Be4 Rf1 36. Rxf1 Bxf1 37. a5 e2 38. Kd2 Nc4+ 39. Ke1 Nxa5 40. Bd5 Kf8 41. Nd3 Ke7 42. c4 Nb3 43. c5 Nd4 44. Kd2 f5 45. Kc3 Ne6 46. c6 Nf4 0-1

[Event "Riga Tech op-A"]
[Site "Riga"]
[Date "2024.08.11"]
[Round "9"]
[White "Ipek, Egehan"]
[Black "Pidluznij, Gleb"]
[Result "0-1"]
[WhiteElo "2179"]
[BlackElo "2414"]
[PlyCount "128"]
[EventDate "2024.08.05"]
[EventType "swiss"]
[EventRounds "9"]
[EventCountry "LAT"]
[SourceTitle "CBM 221 Extra"]
[Source "ChessBase"]
[SourceDate "2024.09.30"]
[SourceVersion "1"]
[SourceVersionDate "2024.09.30"]
[SourceQuality "1"]

1. d4 d5 2. c4 e6 3. Nf3 Nf6 4. Nc3 c5 5. cxd5 exd5 6. g3 Nc6 7. Bg2 cxd4 8. Nxd4 Bc5 9. Nxc6 bxc6 10. 0-0 0-0 11. Na4 Bb6 12. b3 Re8 13. Bb2 Ba6 14. Bf3 Ne4 15. Nxb6 axb6 16. Re1 c5 17. e3 Ra7 18. Rc1 Rd7 19. b4 Bc4 20. a4 cxb4 21. Qd4 f6 22. Bh5 Ree7 23. Bg4 Nc5 24. Rxc4 Re4 25. Bxd7 Rxd4 26. Rxd4 Qxd7 27. Red1 Qxa4 28. Bc3 Qc2 29. Bxb4 Ne4 30. Be1 Ng5 31. Kg2 Qf5 32. Kf1 Qh3+ 33. Ke2 Qxh2 34. Rxd5 Qh5+ 35. Kf1 Qh1+ 36. Ke2 Qf3+ 37. Kf1 Kf7 38. Rd7+ Kg6 39. Ra1 Qh1+ 40. Ke2 Qh5+ 41. Kf1 Nf3 42. Rdd1 b5 43. Rab1 Qg4 44. Rdc1 Qd7 45. Ke2 Ne5 46. Rd1 Qg4+ 47. Kf1 Qc4+ 48. Kg2 h5 49. Rbc1 Qe4+ 50. Kf1 b4 51. Rd4 Qh1+ 52. Ke2 Qb7 53. Kf1 b3 54. Rb1 Qa6+ 55. Kg2 Qa2 56. Rdd1 Nc4 57. Kg1 Qe2 58. Rdc1 Ne5 59. Bc3 Nd3 60. Rf1 b2 61. Bd4 Kg5 62. f3 h4 63. gxh4+ Kxh4 64. Bb6 Kh3 0-1

[Event "Riga Tech op-A"]
[Site "Riga"]
[Date "2024.08.06"]
[Round "3"]
[White "Pidluznij, Gleb"]
[Black "Theodorou, Nikolas"]
[Result "0-1"]
[WhiteElo "2414"]
[BlackElo "2619"]
[PlyCount "58"]
[EventDate "2024.08.05"]
[EventType "swiss"]
[EventRounds "9"]
[EventCountry "LAT"]
[SourceTitle "CBM 221 Extra"]
[Source "ChessBase"]
[SourceDate "2024.09.30"]
[SourceVersion "1"]
[SourceVersionDate "2024.09.30"]
[SourceQuality "1"]

1. e4 c5 2. Nf3 Nc6 3. Bb5 Nf6 4. Nc3 g6 5. h3 Qc7 6. d3 Bg7 7. 0-0 0-0 8. Re1 e5 9. Bc4 d6 10. a4 Be6 11. Nd2 Rad8 12. Nf1 d5 13. exd5 Nxd5 14. Nxd5 Bxd5 15. Ne3 Bxc4 16. Nxc4 f5 17. f3 e4 18. fxe4 Qg3 19. e5 f4 20. Rf1 Nd4 21. Nd2 f3 22. Nxf3 Bxe5 23. Nxe5 Qxe5 24. Rxf8+ Rxf8 25. Bh6 Ne2+ 26. Kh1 Ng3+ 27. Kg1 Ne2+ 28. Kh1 Rf2 29. c3 Qd5 0-1

[Event "Parnu Keres op-A 5th"]
[Site "Parnu"]
[Date "2024.07.23"]
[Round "2"]
[White "Viskelis, Darius"]
[Black "Pidluznij, Gleb"]
[Result "0-1"]
[WhiteElo "2161"]
[BlackElo "2414"]
[PlyCount "83"]
[EventDate "2024.07.22"]
[EventType "swiss"]
[EventRounds "9"]
[EventCountry "EST"]
[SourceTitle "CBM 221 Extra"]
[Source "ChessBase"]
[SourceDate "2024.09.30"]
[SourceVersion "1"]
[SourceVersionDate "2024.09.30"]
[SourceQuality "1"]

1. e4 e5 2. Nf3 Nc6 3. Bb5 g6 4. c3 Bg7 5. d4 exd4 6. cxd4 a6 7. Bxc6 dxc6 8. h3 Nf6 9. Nc3 0-0 10. 0-0 Re8 11. Re1 h6 12. Bf4 g5 13. Be5 g4 14. hxg4 Bxg4 15. Qd3 Qd7 16. Qe3 Rad8 17. Nh2 Be6 18. Rad1 Qe7 19. Qf3 Bc8 20. Nf1 Ng4 21. Bxg7 Kxg7 22. Ne3 Nxe3 23. fxe3 Rd6 24. Rf1 Rg6 25. Rd2 f6 26. Rdf2 Kh8 27. Qh5 Reg8 28. Qh4 Qg7 29. Kh1 Kh7 30. e5 Rg4 31. Qxf6 Rxg2 32. Qxg7+ R2xg7 33. Ne4 Rd8 34. Kh2 Be6 35. Nc5 Bd5 36. Rg1 Rxg1 37. Kxg1 b6 38. Nxa6 Bxa2 39. Nxc7 Rc8 40. Na6 c5 41. Rc2 Kg6 42. b4 0-1

[Event "Cesis op 3rd"]
[Site "Cesis"]
[Date "2024.06.20"]
[Round "8"]
[White "Starostits, Ilmars"]
[Black "Pidluznij, Gleb"]
[Result "0-1"]
[WhiteElo "2360"]
[BlackElo "2374"]
[PlyCount "62"]
[EventDate "2024.06.17"]
[EventType "swiss"]
[EventRounds "8"]
[EventCountry "LAT"]
[SourceTitle "EXT 2025"]
[Source "ChessBase"]
[SourceDate "2024.10.14"]
[SourceVersion "1"]
[SourceVersionDate "2024.10.14"]
[SourceQuality "1"]

1. d4 d5 2. c4 e6 3. g3 Nf6 4. Bg2 Nc6 5. Nf3 Bd6 6. Nc3 0-0 7. 0-0 dxc4 8. e4 e5 9. d5 Na5 10. Nd2 Bd7 11. Qe2 b5 12. f4 Re8 13. f5 c6 14. g4 h6 15. g5 hxg5 16. Nf3 b4 17. Nd1 cxd5 18. Nxg5 Qb6+ 19. Nf2 Bb5 20. exd5 c3 21. Qf3 e4 22. Qh3 Bc5 23. Kh1 Bxf1 24. Bxf1 Bxf2 25. bxc3 e3 26. Be2 Qd6 27. cxb4 Qxd5+ 28. Bf3 e2 29. Bb2 e1Q+ 30. Kg2 Qxa1 31. Bxa1 Qd2 0-1

[Event "LTU-ch"]
[Site "Vilnius"]
[Date "2024.05.23"]
[Round "6"]
[White "Pidluznij, Gleb"]
[Black "Malisauskas, Vidmantas"]
[Result "1/2-1/2"]
[WhiteElo "2321"]
[BlackElo "2296"]
[PlyCount "59"]
[EventDate "2024.05.19"]
[EventType "tourn"]
[EventRounds "9"]
[EventCountry "LTU"]
[EventCategory "5"]
[SourceTitle "CBM 220 Extra"]
[Source "ChessBase"]
[SourceDate "2024.07.31"]
[SourceVersion "1"]
[SourceVersionDate "2024.07.31"]
[SourceQuality "1"]

1. d4 Nf6 2. Nf3 e6 3. g3 c5 4. Bg2 a6 5. 0-0 cxd4 6. Nxd4 Qc7 7. e4 d6 8. b3 Nc6 9. Bb2 Bd7 10. c4 Be7 11. Re1 Nxd4 12. Qxd4 e5 13. Qd3 b5 14. Nd2 0-0 15. Nf1 bxc4 16. bxc4 Rab8 17. Ba3 Rfc8 18. Ne3 Bf8 19. Red1 Ba4 20. Rd2 Rd8 21. Rc1 Qa5 22. Qc3 Qxc3 23. Rxc3 Rb1+ 24. Rc1 Rdb8 25. Rxb1 Rxb1+ 26. Nf1 Bc6 27. f3 Ne8 28. Kf2 Be7 29. Ne3 g6 30. Rd1 1/2-1/2

[Event "LTU-chT"]
[Site "Lithuania"]
[Date "2024.04.21"]
[Round "7.3"]
[White "Mierins, Emils Janis"]
[Black "Pidluznij, Gleb"]
[Result "1/2-1/2"]
[WhiteElo "2220"]
[BlackElo "2313"]
[PlyCount "178"]
[EventDate "2024.01.27"]
[EventType "team-swiss"]
[EventRounds "7"]
[EventCountry "LTU"]
[SourceTitle "EXT 2025"]
[Source "ChessBase"]
[SourceDate "2024.10.14"]
[SourceVersion "1"]
[SourceVersionDate "2024.10.14"]
[SourceQuality "1"]
[WhiteTeam "Vilnius Juoda Balta"]
[BlackTeam "Kaunas SBK"]
[WhiteTeamCountry "LTU"]
[BlackTeamCountry "LTU"]

1. e4 e5 2. Nf3 Nc6 3. Bb5 a6 4. Ba4 Nge7 5. 0-0 Ng6 6. c3 d5 7. exd5 Qxd5 8. Bb3 Qd3 9. Bc2 Qd6 10. Re1 Be7 11. d4 exd4 12. Nxd4 Nxd4 13. cxd4 0-0 14. Nc3 Rd8 15. d5 c6 16. Qf3 cxd5 17. Bxg6 hxg6 18. Bf4 Qd7 19. Nxd5 Qxd5 20. Qxd5 Rxd5 21. Rxe7 Bd7 22. Rc1 Bc6 23. h3 Rad8 24. a3 Rb5 25. Re2 f6 26. Be3 Rb3 27. Kh2 Rd5 28. Rcc2 Rh5 29. Bd4 g5 30. Rc3 Rxc3 31. Bxc3 g4 32. Re3 Bd7 33. Rg3 Kf7 34. f3 gxh3 35. gxh3 Rd5 36. Rg2 Rh5 37. Rg3 g5 38. Kg2 Be6 39. Bd2 Rh4 40. Bc3 Kg6 41. Bd2 Kf7 42. Bc3 Rc4 43. Kf2 b5 44. Rg1 Bxh3 45. Rd1 Rc6 46. Bb4 Be6 47. Rd6 Rc2+ 48. Rd2 Rc4 49. Rd6 Bc8 50. Bc3 Rf4 51. Kg3 Ke7 52. Rd4 Rf5 53. Bb4+ Kf7 54. Bc3 Rc5 55. Rd6 f5 56. Rf6+ Ke8 57. Rg6 f4+ 58. Kf2 a5 59. Bxa5 Kf7 60. Rd6 Be6 61. Bc3 Ke7 62. Rb6 Rd5 63. Rb7+ Bd7 64. Rb6 Be6 65. Rb7+ Kf8 66. Bg7+ Ke8 67. Bf6 Bd7 68. Rb6 Rd2+ 69. Kg1 g4 70. fxg4 f3 71. Bh4 Rg2+ 72. Kf1 Rxb2 73. Bf2 Bxg4 74. Kg1 Kd7 75. Rf6 Rb3 76. Rf4 Be6 77. Rb4 Rxa3 78. Rxb5 Ra4 79. Rg5 Bh3 80. Kh2 Bg2 81. Rxg2 fxg2 82. Kxg2 Ke6 83. Kh1 Kf5 84. Bg1 Kf4 85. Bh2+ Kf3 86. Bg1 Ra5 87. Bh2 Kf2 88. Bg1+ Kf1 89. Bh2 Rh5 1/2-1/2

[Event "LTU-chT"]
[Site "Lithuania"]
[Date "2024.03.23"]
[Round "3.3"]
[White "Pidluznij, Gleb"]
[Black "Kalinauskas, Vytautas"]
[Result "1-0"]
[WhiteElo "2313"]
[BlackElo "1818"]
[PlyCount "67"]
[EventDate "2024.01.27"]
[EventType "team-swiss"]
[EventRounds "7"]
[EventCountry "LTU"]
[SourceTitle "EXT 2025"]
[Source "ChessBase"]
[SourceDate "2024.10.14"]
[SourceVersion "1"]
[SourceVersionDate "2024.10.14"]
[SourceQuality "1"]
[WhiteTeam "Kaunas SBK"]
[BlackTeam "Vilnius Muskietininkai"]
[WhiteTeamCountry "LTU"]
[BlackTeamCountry "LTU"]

1. e4 c6 2. Nf3 d5 3. d3 Bg4 4. h3 dxe4 5. hxg4 exf3 6. Qxf3 e6 7. Nc3 Bb4 8. a3 Bxc3+ 9. bxc3 Nd7 10. Be2 Qa5 11. Bd2 Ne7 12. c4 Qc7 13. g3 Ng6 14. Kf1 0-0-0 15. Kg2 Nge5 16. Qe3 c5 17. g5 Nc6 18. c3 Qe5 19. Rad1 Qc7 20. Qf4 Nce5 21. d4 Qc6+ 22. f3 Ng6 23. Qxf7 Nde5 24. Qxg7 Rd7 25. Qf6 cxd4 26. cxd4 Rxd4 27. Ba5 Rxd1 28. Rxd1 Nd7 29. Qd4 b6 30. Bb4 Nge5 31. Qd6 Qa4 32. Qxe6 Qc2 33. Rd2 Qc1 34. f4 1-0